000 00306nam a2200133Ia 4500
005 20251222154408.0
008 251222s9999||||xx |||||||||||||| ||spa||
020 _a9788420637259
082 _a201/O88
100 _aOtto, Rudolf
245 0 _aLo Santo:
264 _bAlianza Editorial, S.A.
942 _cLIB
999 _c35546
_d35546